| 000 | 00417nam a2200157 i 4500 | ||
|---|---|---|---|
| 001 | 146937 | ||
| 003 | ES-MaACL | ||
| 005 | 20230906201735.0 | ||
| 007 | t| | ||
| 008 | 070919s1929 ag ||||1| spa d | ||
| 100 | 1 |
_aTudela, Ricardo. _9111633 |
|
| 245 | 1 | 3 |
_aEl inquilino de la soledad / _cRicardo Tudela. |
| 260 |
_aBueno Aires : _bM. Gleizer, _c1929. |
||
| 300 |
_a168 p. ; _c21 cm. |
||
| 852 |
_aES-MaACL _jA-1849 |
||
| 999 |
_c146937 _d146937 |
||